Čerpacia technika. Cvičenia /
Uloženo v:
| Hlavní autor: | |
|---|---|
| Médium: | Kniha |
| Jazyk: | slovenština |
| Vydáno: |
Bratislava :
Slovenská technická univerzita v Bratislave,
1992
|
| Vydání: | 2. vyd. |
| Témata: | |
| ISBN: | 802270489X |
| On-line přístup: |
|
| Tagy: |
Přidat tag
Žádné tagy, Buďte první, kdo vytvoří štítek k tomuto záznamu!
|
MARC
| LEADER | 00000nam a2200000 4500 | ||
|---|---|---|---|
| 003 | SK-BrCVT | ||
| 005 | 20220617154835.0 | ||
| 008 | 930409s1992 cs e ||||||slo d | ||
| 020 | |a 802270489X | ||
| 035 | |a CVTIDW0905860 | ||
| 040 | |b slo |a CVTI SR | ||
| 041 | 0 | |a slo | |
| 044 | |a cs | ||
| 080 | |a 621.65(075.8) |2 UDC-MRF | ||
| 080 | |a 621.22.01(075.8) |2 UDC-MRF | ||
| 100 | 1 | |a Strýček, Oldrich | |
| 245 | 1 | 0 | |a Čerpacia technika. Cvičenia / |c Oldrich Strýček |
| 250 | |a 2. vyd. | ||
| 260 | |a Bratislava : |b Slovenská technická univerzita v Bratislave, |c 1992 | ||
| 300 | |a 141 s. : |b grafy, lit., obr., tab. ; | ||
| 653 | 1 | |a čerpadlo |a difúzor |a sila axiálna |a systém hydraulický |a potrubie | |
| 692 | |a BA VD JM MM | ||
| 910 | |b S536465 |b S534258 |b S534121 |b S534046 - S534066 |b S533179 | ||
| 919 | |a 80-227-0489-X | ||
| 974 | |f Knihy | ||
| 992 | |a ASK | ||
| 999 | |c 53044 |d 53044 | ||

